000 00525 a2200181 4500
999 _c10202
_d10202
020 _a9781250069221
050 _aPS3553 CRO 2014
100 _aCrook, Elizabeth,
_d1959-
_eauthor
245 _aMonday, Monday /
_cElizabeth Crook
264 _aNew York:
_bSarah Crichton books,
_c2014
300 _a340 pages
500 _ano index
650 _aCollege students
_xfiction
650 _aCampus violence
_xfiction
650 _aSchool shootings
_xfiction
650 _aPsychological fiction
942 _2lcc
_cBK
_h3553
_iCRO
_kPS